<?xml version='1.0' encoding='UTF-8'?><?xml-stylesheet href='static/style.xsl' type='text/xsl'?><OAI-PMH xmlns="http://www.openarchives.org/OAI/2.0/" xmlns:xsi="http://www.w3.org/2001/XMLSchema-instance" xsi:schemaLocation="http://www.openarchives.org/OAI/2.0/ http://www.openarchives.org/OAI/2.0/OAI-PMH.xsd"><responseDate>2026-05-01T02:47:57Z</responseDate><request verb="GetRecord" identifier="oai:ebiltegia.mondragon.edu:20.500.11984/6544" metadataPrefix="marc">https://ebiltegia.mondragon.edu/oai/request</request><GetRecord><record><header><identifier>oai:ebiltegia.mondragon.edu:20.500.11984/6544</identifier><datestamp>2024-06-21T08:38:27Z</datestamp><setSpec>com_20.500.11984_6401</setSpec><setSpec>com_20.500.11984_6078</setSpec><setSpec>col_20.500.11984_6405</setSpec></header><metadata><record xmlns="http://www.loc.gov/MARC21/slim" xmlns:dcterms="http://purl.org/dc/terms/" xmlns:xsi="http://www.w3.org/2001/XMLSchema-instance" xmlns:doc="http://www.lyncode.com/xoai" xsi:schemaLocation="http://www.loc.gov/MARC21/slim http://www.loc.gov/standards/marcxml/schema/MARC21slim.xsd">
   <leader>00925njm 22002777a 4500</leader>
   <datafield ind2=" " ind1=" " tag="042">
      <subfield code="a">dc</subfield>
   </datafield>
   <datafield ind2=" " ind1=" " tag="260">
      <subfield code="c">2024</subfield>
   </datafield>
   <datafield ind2=" " ind1=" " tag="520">
      <subfield code="a">Amid increasing urbanization and the need for a sustainable food supply chain, Urban Agriculture (UA) emerges as a promising alternative to promote more sustainable and resilient urban communities, especially when implemented under the principles of the circular economy. Additionally, entrepreneurial action and an ecosystem approach involving the cooperation of multiple actors in the urban context play significant roles. Research on this topic is still in its early stages. Thus, this article aims to identify potential actors in the literature to form an Entrepreneurial Circular Ecosystem (ECE) of Urban Agriculture (UA) that provides sustainable development. To achieve this, a systematic literature review was conducted using Scopus and Web of Science databases. The articles were reviewed through content analysis using NVivo 12 software. Among the essential elements for the development of an ECE in UA are the necessity of multidisciplinary partnerships, technological innovation, cultural change, entrepreneurial action, cooperation among diverse ecosystem actors, and engagement of local communities. Additionally, the importance of an orchestrating organization that synergistically unites all stakeholders is emphasized. The study also highlights the need for public policies and initiatives to promote UA and encourage collaboration among different actors in the urban ecosystem to achieve more sustainable and resilient cities in the future.</subfield>
   </datafield>
   <datafield ind1="8" ind2=" " tag="024">
      <subfield code="a">https://hdl.handle.net/20.500.11984/6544</subfield>
   </datafield>
   <datafield tag="653" ind2=" " ind1=" ">
      <subfield code="a">urban agriculture</subfield>
   </datafield>
   <datafield tag="653" ind2=" " ind1=" ">
      <subfield code="a">entrepreneurial circular ecosystem</subfield>
   </datafield>
   <datafield tag="653" ind2=" " ind1=" ">
      <subfield code="a">circular economy</subfield>
   </datafield>
   <datafield tag="653" ind2=" " ind1=" ">
      <subfield code="a">entrepreneurship</subfield>
   </datafield>
   <datafield tag="653" ind2=" " ind1=" ">
      <subfield code="a">Sustainable cities</subfield>
   </datafield>
   <datafield tag="653" ind2=" " ind1=" ">
      <subfield code="a">full papers</subfield>
   </datafield>
   <datafield tag="653" ind2=" " ind1=" ">
      <subfield code="a">THEME 1: Exploring the system level</subfield>
   </datafield>
   <datafield ind2="0" ind1="0" tag="245">
      <subfield code="a">Entrepreneurial Circular Ecosystems in the Context of Urban Agriculture: an alternative for food sustainability in cities</subfield>
   </datafield>
</record></metadata></record></GetRecord></OAI-PMH>